| 000 | 02305cam a2200373 a 4500 | ||
|---|---|---|---|
| 001 | 17275479 | ||
| 005 | 20141211155217.0 | ||
| 008 | 120427s2012 mdu b 001 0 eng | ||
| 010 | _a 2012013386 | ||
| 020 | _a9781598572315 | ||
| 020 | _a1598572318 | ||
| 040 |
_aDLC _cDLC _dDLC |
||
| 043 | _an-us--- | ||
| 050 | 0 | 0 |
_aLC 3981 _b.K33 2012 |
| 082 | 0 | 0 | _a371.0 |
| 100 | 1 | _aKalyanpur, Maya. | |
| 245 | 1 | 0 |
_aCultural reciprocity in special education : _bbuilding family-professional relationships / _cMaya Kalyanpur and Beth Harry. |
| 260 |
_aBaltimore, Md. : _bPaul H. Brookes Pub. Co., _cc2012. |
||
| 300 |
_axv, 199 pages : _c26 cm. |
||
| 504 | _aIncludes bibliographical references (p. 175-191) and index. | ||
| 505 | 0 | _aCultural underpinnings of special education -- Cultural reciprocity as an approach toward building parent-professional relationships -- Legal and epistemological underpinnings of the construction of disability -- The role of professional expertise and language in the treatment of disability -- Professionals' perspectives on parenting styles -- Goal setting for students: parents versus professionals: expectations -- Cultural reciprocity as a transformative journey in research and practice / Davenia Lea -- Stories of transformation: the power of exploring cultural dilemmas / Eva Thorp and Monimalika Day -- The preservice classroom as an intercultural space for experiencing a process of cultural reciprocity / Shernaz B. GarcĂa. | |
| 521 | _aSpecial Education | ||
| 650 | 0 |
_aSpecial education _xSocial aspects _zUnited States. |
|
| 650 | 0 |
_aSpecial education _xParent participation _zUnited States. |
|
| 650 | 0 |
_aMinority people with disabilities _xEducation _zUnited States |
|
| 650 | 0 |
_aIntercultural communication _zUnited States. |
|
| 700 | 1 | _aHarry, Beth. | |
| 856 | 4 | 2 |
_3Publisher description _uhttp://www.loc.gov/catdir/enhancements/fy1402/2012013386-d.html |
| 856 | 4 | 1 |
_3Table of contents only _uhttp://www.loc.gov/catdir/enhancements/fy1407/2012013386-t.html |
| 856 | 4 | 2 |
_3Contributor biographical information _uhttp://www.loc.gov/catdir/enhancements/fy1407/2012013386-b.html |
| 906 |
_a7 _bcbc _corignew _d1 _eecip _f20 _gy-gencatlg |
||
| 942 |
_2lcc _cBK _kFOR |
||
| 999 |
_c276945 _d276945 |
||